<?xml version="1.0" encoding="UTF-8"?>
<record
    xmlns:xsi="http://www.w3.org/2001/XMLSchema-instance"
    xsi:schemaLocation="http://www.loc.gov/MARC21/slim http://www.loc.gov/standards/marcxml/schema/MARC21slim.xsd"
    xmlns="http://www.loc.gov/MARC21/slim">

  <leader>03134nam a2200265 a 4500</leader>
  <controlfield tag="001">000024271</controlfield>
  <controlfield tag="005">20240229073821.0</controlfield>
  <controlfield tag="008">110125s2010    dr      r     001 0 spa d</controlfield>
  <datafield tag="040" ind1=" " ind2=" ">
    <subfield code="a">DO-SdBNP</subfield>
    <subfield code="b">spa</subfield>
    <subfield code="c">BNPHU</subfield>
  </datafield>
  <datafield tag="082" ind1=" " ind2=" ">
    <subfield code="a">347.077</subfield>
    <subfield code="b">C397m</subfield>
  </datafield>
  <datafield tag="111" ind1="2" ind2=" ">
    <subfield code="a">Centenario del Recurso de Casaci&#xF3;n en la Rep&#xFA;blica Dominicana</subfield>
    <subfield code="n">(1 :</subfield>
    <subfield code="d">2008 feb. :</subfield>
    <subfield code="c">Santo Domingo)</subfield>
    <subfield code="9">49818</subfield>
  </datafield>
  <datafield tag="245" ind1="1" ind2="0">
    <subfield code="a">Memorias /</subfield>
    <subfield code="c">presentacion Dr Jorge A. Subero Isa.</subfield>
  </datafield>
  <datafield tag="260" ind1=" " ind2=" ">
    <subfield code="a">Santo Domingo :</subfield>
    <subfield code="b">Suprema Corte de Justicia,</subfield>
    <subfield code="c">2010.</subfield>
    <subfield code="f">Corripio</subfield>
  </datafield>
  <datafield tag="300" ind1=" " ind2=" ">
    <subfield code="a">461 p. ;</subfield>
    <subfield code="c">24 cm.</subfield>
  </datafield>
  <datafield tag="505" ind1="0" ind2=" ">
    <subfield code="g">Presentaci&#xF3;n --</subfield>
    <subfield code="g">Programa de acividades --</subfield>
    <subfield code="g">Apertura de los actos conmemorativos del primer centenario del recurso de casaci&#xF3;n en la Rep&#xFA;blica Dominicana --</subfield>
    <subfield code="g">Palabras de apertura /</subfield>
    <subfield code="r">Dr. Jorge Subero A. Isa, presidente de la Suprema Corte de Justicia de la Rep&#xFA;blica Dominicana --</subfield>
    <subfield code="t">El recurso de casaci&#xF3;n en la Rep&#xFA;blica Dominicana /</subfield>
    <subfield code="r">Dr. Rafael Luciano Pichardo, juez primer sustituto de presidente y presidente de la primera c&#xE1;mara de la Suprema Corte de Justicia --</subfield>
    <subfield code="g">Los acad&#xE9;micos opinan del recurso de casaci&#xF3;n en Rep&#xFA;blica Dominicana:</subfield>
    <subfield code="t">El recurso de casaci&#xF3;n en derecho procesal tributario /</subfield>
    <subfield code="r">Santo Inocencio Mercedes --</subfield>
    <subfield code="t">El litigio catastral ante la Suprema Corte de Justicia /</subfield>
    <subfield code="r">Miguel &#xC1;ngel Prestol --</subfield>
    <subfield code="t">El recurso de casaci&#xF3;n en materia civil y comercial /</subfield>
    <subfield code="r">M&#xE1;ximo Berg&#xE9;s Dreyfous --</subfield>
    <subfield code="t">El recurso de casacion en materia laboral /</subfield>
    <subfield code="r">Manuel Ram&#xF3;n Pe&#xF1;a Conce --</subfield>
    <subfield code="t">El recurso de casaci&#xF3;n en materia penal /</subfield>
    <subfield code="r">Jos&#xE9; B. P&#xE9;rez G&#xF3;mez --</subfield>
    <subfield code="g">Los litigantes opinan del recurso de casaci&#xF3;n en la Rep&#xFA;blica Dominicana:</subfield>
    <subfield code="t">A prop&#xF3;sito del Centenario de la Suprema Corte de Justicia /</subfield>
    <subfield code="r">Juan Manuel Pellerano --</subfield>
    <subfield code="t">Algunos aportes del recurso de casaci&#xF3;n a la ciencia jur&#xED;dica dominicana /</subfield>
    <subfield code="r">Julio Miguel Casta&#xF1;os Guzm&#xE1;n --</subfield>
    <subfield code="t">El ayer, el hoy y el ma&#xF1;ana de la casaci&#xF3;n dominicana, cien a&#xF1;os despu&#xE9;s /</subfield>
    <subfield code="r">Luis Miguel Rivas --</subfield>
    <subfield code="t">La casaci&#xF3;n ante un panorama confuso /</subfield>
    <subfield code="r">Reynaldo Ramos Morel --</subfield>
  </datafield>
  <datafield tag="505" ind1="0" ind2=" ">
    <subfield code="g">Los jueces opinan del recurso de casaci&#xF3;n en la Rep&#xFA;blica Dominicana:</subfield>
    <subfield code="t">Visi&#xF3;n general del recurso de casaci&#xF3;n /</subfield>
    <subfield code="r">Manuel Alexis Read Ortiz --</subfield>
    <subfield code="t">Los motivos del recurso de casaci&#xF3;n en materia penal /</subfield>
    <subfield code="t">Altagracia Norma Bautista de Castillo --</subfield>
    <subfield code="t">La casaci&#xF3;n en el proceso penal dominicano /</subfield>
    <subfield code="r">Claudio An&#xED;bal Medrano Mej&#xED;a --</subfield>
    <subfield code="t">El recurso de casaci&#xF3;n en la jurisdicci&#xF3;n contenciosa tributaria y administrativa /</subfield>
    <subfield code="r">Sara Henr&#xED;quez Mar&#xED;n --</subfield>
    <subfield code="t">El recurso de casaci&#xF3;n en materia civil /</subfield>
    <subfield code="r">Samuel Arias Arzeno --</subfield>
    <subfield code="g">El recurso de casaci&#xF3;n en derecho comparado : las experiencias de Costa Rica, Venezuela, El Salvador, Colombia, Espa&#xF1;a y Francia.</subfield>
  </datafield>
  <datafield tag="504" ind1=" " ind2=" ">
    <subfield code="a">Incluye referencias bibliogr&#xE1;ficas y notas al pie de p&#xE1;ginas.</subfield>
  </datafield>
  <datafield tag="590" ind1=" " ind2=" ">
    <subfield code="a">Inventariado, 2018/BT</subfield>
  </datafield>
  <datafield tag="650" ind1=" " ind2="4">
    <subfield code="a">Recursos (derecho)</subfield>
    <subfield code="9">10249</subfield>
  </datafield>
  <datafield tag="650" ind1=" " ind2="4">
    <subfield code="a">Recurso de casaci&#xF3;n</subfield>
    <subfield code="x">Historia</subfield>
    <subfield code="z">Rep&#xFA;blica Dominicana</subfield>
    <subfield code="9">6582</subfield>
  </datafield>
  <datafield tag="650" ind1=" " ind2="4">
    <subfield code="a">Procedimiento civil</subfield>
    <subfield code="z">Rep&#xFA;blica Dominicana</subfield>
    <subfield code="x">Ensayos, conferencias, etc.</subfield>
    <subfield code="9">49819</subfield>
  </datafield>
  <datafield tag="650" ind1=" " ind2="4">
    <subfield code="a">Procedimiento penal</subfield>
    <subfield code="z">Rep&#xFA;blica Dominicana</subfield>
    <subfield code="x">Ensayos, conferencias, etc.</subfield>
    <subfield code="9">49820</subfield>
  </datafield>
  <datafield tag="700" ind1="1" ind2=" ">
    <subfield code="a">Subero Isa, Jorge A.,</subfield>
    <subfield code="d">1947-</subfield>
    <subfield code="e">present.</subfield>
    <subfield code="9">76863</subfield>
  </datafield>
  <datafield tag="910" ind1=" " ind2=" ">
    <subfield code="a">Validado. Control de calidad. EMS</subfield>
  </datafield>
  <datafield tag="952" ind1=" " ind2=" ">
    <subfield code="0">0</subfield>
    <subfield code="1">0</subfield>
    <subfield code="5">4</subfield>
    <subfield code="7">0</subfield>
    <subfield code="8">DS</subfield>
    <subfield code="a">GR</subfield>
    <subfield code="b">GR</subfield>
    <subfield code="c">HD</subfield>
    <subfield code="d">2011-01-25</subfield>
    <subfield code="i">LF1</subfield>
    <subfield code="l">0</subfield>
    <subfield code="o">347.077 C397m</subfield>
    <subfield code="p">24271-30</subfield>
    <subfield code="r">2020-06-25</subfield>
    <subfield code="t">e. 3</subfield>
    <subfield code="w">2020-06-25</subfield>
    <subfield code="y">LFDS</subfield>
    <subfield code="Z">Pr&#xE9;stamo en sala</subfield>
  </datafield>
  <datafield tag="952" ind1=" " ind2=" ">
    <subfield code="0">0</subfield>
    <subfield code="1">0</subfield>
    <subfield code="5">4</subfield>
    <subfield code="7">0</subfield>
    <subfield code="8">DS</subfield>
    <subfield code="a">GR</subfield>
    <subfield code="b">GR</subfield>
    <subfield code="c">HD</subfield>
    <subfield code="d">2014-12-16</subfield>
    <subfield code="i">LF1</subfield>
    <subfield code="l">0</subfield>
    <subfield code="o">347.077 C397m</subfield>
    <subfield code="p">24271-40</subfield>
    <subfield code="r">2020-06-25</subfield>
    <subfield code="t">e. 4</subfield>
    <subfield code="w">2020-06-25</subfield>
    <subfield code="y">LFDS</subfield>
    <subfield code="Z">Pr&#xE9;stamo en sala</subfield>
  </datafield>
  <datafield tag="952" ind1=" " ind2=" ">
    <subfield code="0">0</subfield>
    <subfield code="1">0</subfield>
    <subfield code="5">4</subfield>
    <subfield code="7">0</subfield>
    <subfield code="8">DS</subfield>
    <subfield code="a">GR</subfield>
    <subfield code="b">GR</subfield>
    <subfield code="c">HD</subfield>
    <subfield code="d">2014-12-16</subfield>
    <subfield code="i">LF1</subfield>
    <subfield code="l">0</subfield>
    <subfield code="o">347.077 C397m</subfield>
    <subfield code="p">24271-50</subfield>
    <subfield code="r">2020-06-25</subfield>
    <subfield code="t">e. 5</subfield>
    <subfield code="w">2020-06-25</subfield>
    <subfield code="y">LFDS</subfield>
    <subfield code="Z">Pr&#xE9;stamo en sala</subfield>
  </datafield>
  <datafield tag="952" ind1=" " ind2=" ">
    <subfield code="0">0</subfield>
    <subfield code="1">0</subfield>
    <subfield code="7">1</subfield>
    <subfield code="8">PD</subfield>
    <subfield code="a">PD</subfield>
    <subfield code="b">PD</subfield>
    <subfield code="c">HD</subfield>
    <subfield code="d">2011-01-25</subfield>
    <subfield code="i">LF1</subfield>
    <subfield code="l">0</subfield>
    <subfield code="o">347.077 C397m</subfield>
    <subfield code="p">24271-10</subfield>
    <subfield code="r">2020-06-25</subfield>
    <subfield code="w">2020-06-25</subfield>
    <subfield code="y">LFPD</subfield>
    <subfield code="Z">No se presta</subfield>
  </datafield>
  <datafield tag="952" ind1=" " ind2=" ">
    <subfield code="0">0</subfield>
    <subfield code="1">0</subfield>
    <subfield code="7">1</subfield>
    <subfield code="8">PD</subfield>
    <subfield code="a">PD</subfield>
    <subfield code="b">PD</subfield>
    <subfield code="c">HD</subfield>
    <subfield code="d">2011-01-25</subfield>
    <subfield code="i">LF1</subfield>
    <subfield code="l">0</subfield>
    <subfield code="o">347.077 C397m</subfield>
    <subfield code="p">24271-20</subfield>
    <subfield code="r">2020-06-25</subfield>
    <subfield code="t">e. 2</subfield>
    <subfield code="w">2020-06-25</subfield>
    <subfield code="y">LFPD</subfield>
    <subfield code="Z">No se presta</subfield>
  </datafield>
  <datafield tag="999" ind1=" " ind2=" ">
    <subfield code="c">23765</subfield>
    <subfield code="d">23765</subfield>
  </datafield>
</record>
